| 000 | 00000nas##2200000za#4500 |
| 001 | 9.507506 |
| 003 | CaOODSP |
| 005 | 20200325094210 |
| 007 | cr ||||||||||| |
| 008 | 150406c1997||||xxc|| p o||||f| |0eng|d |
| 022 | |a1701-7890 |
| 040 | |aCaOODSP|beng |
| 043 | |an-cn--- |
| 086 | 1 |aIN3-27E-PDF |
| 110 | 1 |aCanada. |bOffice of the Superintendent of Financial Institutions Canada. |bOffice of the Chief Actuary. |
| 245 | 10|aAdministration of the Pension Benefits Standards Act 1985, annual report |h[electronic resource] |
| 260 | |aOttawa - Ontario : |bOffice of the Superintendent of Financial Institutions. |
| 310 | |aAnnual |
| 362 | 1 |a1997-- [2002-2003] |
| 690 | 07|aPublic pensions|2gcpds |
| 775 | 08|tAdministration de la Loi de 1985 sur les normes de prestation de pension, rapport annuel |w(CaOODSP)9.503906 |
| 780 | 00|tPBSA annual report : |w(CaOODSP)9.507505 |